Темная половина: Роман; пер. с англ.
| Автор: | |
|---|---|
| Резюме: | Исключено из фонда НТБ ТПУ |
| Мова: | Російська |
| Опубліковано: |
Москва, АСТ, 1999
|
| Формат: | Книга |
| KOHA link: | https://koha.lib.tpu.ru/cgi-bin/koha/opac-detail.pl?biblionumber=24450 |
MARC
| LEADER | 00000nam0a2200000 4500 | ||
|---|---|---|---|
| 001 | 24450 | ||
| 005 | 20231030200222.0 | ||
| 010 | |a 5237018416 | ||
| 035 | |a (RuTPU)RU\TPU\book\24678 | ||
| 035 | |a BOOK00002443 | ||
| 090 | |a 24450 | ||
| 100 | |a 20011209d1999 m y0rusy50 ca | ||
| 101 | 1 | |a rus |c eng | |
| 102 | |a RU | ||
| 105 | |a y z 000ay | ||
| 200 | 1 | |a Темная половина |e Роман; пер. с англ. |f С. Кинг | |
| 210 | |a Москва |c АСТ |d 1999 | ||
| 215 | |a 560 с. | ||
| 333 | |a Исключено из фонда НТБ ТПУ | ||
| 700 | 1 | |a Кинг |b С. |g Стивен | |
| 801 | 0 | |a RU |b 63413507 |c 20011209 |g PSBO | |
| 801 | 2 | |a RU |b 63413507 |c 20110222 |g PSBO | |
| 942 | |c BK | ||